| 000 | 00372nam a22001337a 4500 | ||
|---|---|---|---|
| 003 | LK-CoDNM | ||
| 005 | 20231016111509.0 | ||
| 008 | 231016b |||||||| |||| 00| 0 eng d | ||
| 040 |
_aLK-CoDNM _dLK-CoDNM _eLK-CoDNM |
||
| 245 | _a. The Ceylon Medical College Calendar for 1914-1915 | ||
| 260 |
_aCOLOMBO _bGoverment Printers _c1914 |
||
| 300 | _a119P., 23 cm. | ||
| 942 | _cBK | ||
| 999 |
_c143287 _d143287 |
||